epiphany lyrics - Statistics

General Stats
  • This quiz has been taken 105 times
  • The average score is 139 of 170
Answer Stats
Lyrics % Correct
you
97%
you,
97%
epiphany
95%
some
95%
your
95%
a
92%
but
92%
dream
92%
I
92%
life,
92%
of
92%
helmet,
90%
Just
90%
just
90%
Keep
90%
keep
90%
out"
90%
out,
90%
out
90%
think
90%
to
90%
he's
87%
minutes
87%
things
87%
20
85%
about
85%
bleeding
85%
can't
85%
down,
85%
down
85%
Only
85%
son
85%
speak
85%
And
82%
now
82%
one
82%
she's
82%
sleep,
82%
Someone's
82%
someone's
82%
what
82%
crashing
79%
"Doc,
77%
With
77%
daughter,
74%
fall
74%
in,
74%
mother
74%
relief
74%
single
74%
the
74%
through
74%
"Sir,
72%
breathe
69%
did
69%
hand
69%
seen
69%
Watch
69%
watch
69%
you've
69%
glimpse
67%
make
67%
not
67%
plastic
67%
sense
67%
serve
67%
breathing
64%
Something
64%
up
64%
flesh
62%
rifle
62%
school
62%
wound,
62%
cover
59%
med
59%
beaches
54%
here's
49%
Crawling
46%
holds
44%
No matching quizzes found
Score Distribution
Percent of People with Each Score
Percentile by Number Answered
Your Score History
You have not taken this quiz